书目信息 |
| 题名: |
单飞的日子
|
|
| 作者: | 青稞 著 | |
| 分册: | ||
| 出版信息: | 石家庄 河北科学技术出版社 2002.01 |
|
| 页数: | 169页 | |
| 开本: | 20cm | |
| 丛书名: | 玫瑰岛丛书 | |
| 单 册: | ||
| 中图分类: | C913.13 | |
| 科图分类: | ||
| 主题词: | 离婚--社会心理 , 社会问题 | |
| 电子资源: | ||
| ISBN: | 7-5375-2521-8 | |
| 000 | 00672nam 2200241 450 | |
| 001 | 1153813281 | |
| 005 | 20111228160233.79 | |
| 010 | @a7-5375-2521-8@dCNY9.00 | |
| 100 | @a20111227d2002 km y0chiy0120 ea | |
| 101 | 0 | @achi |
| 102 | @aCN@b130000 | |
| 105 | @az z 000yy | |
| 200 | 1 | @a单飞的日子@Adan fei de ri zi@f青稞著@Fqing ke zhu |
| 210 | @a石家庄@c河北科学技术出版社@d2002.01 | |
| 215 | @a169页@d20cm | |
| 225 | 2 | @a玫瑰岛丛书 |
| 410 | 0 | @12001 @a玫瑰岛丛书 |
| 606 | 0 | @a离婚@x社会心理 |
| 606 | 0 | @a社会问题 |
| 690 | @aC913.13@v4 | |
| 701 | 0 | @a青稞@Aqing ke@4著 |
| 801 | 0 | @aCN@b大连网信软件有限公司图书馆·11@c20111228 |
| 905 | @aZUCC@dC913.13@eQ520@f3 | |
| 单飞的日子/青稞著.-石家庄:河北科学技术出版社,2002.01 |
| 169页;20cm.-(玫瑰岛丛书) |
| ISBN 7-5375-2521-8:CNY9.00 |
| ● |
| 相关链接 |
|
|
|
正题名:单飞的日子
索取号:C913.13/Q520
 
预约/预借
| 序号 | 登录号 | 条形码 | 馆藏地/架位号 | 状态 | 备注 |
| 1 | 1070000 | 210700008 | 社科库509/509社科库 61排2列5层/ [索取号:C913.13/Q520] | 在馆 | |
| 2 | 1182808 | 211828085 | 社科库509/509社科库 61排2列5层/ [索取号:C913.13/Q520] | 在馆 | |
| 3 | 1182809 | 211828094 | 社科库509/509社科库 61排2列5层/ [索取号:C913.13/Q520] | 在馆 |